Countries, Capitals, and US States Based on their Second Letter - H - Statistics

General Stats
  • This quiz has been taken 22 times
  • The average score is 10 of 14
Answer Stats
Answer % Correct
Bhutan
89%
Chile
83%
China
83%
Ohio
83%
Rhode Island
83%
Ghana
78%
Chad
72%
Chisinau
67%
Dhaka
67%
Philippines
67%
Thailand
67%
Phnom Penh
61%
Thimphu
61%
Khartoum
50%
No matching quizzes found
Score Distribution
Percent of People with Each Score
Percentile by Number Answered
Your Score History
You have not taken this quiz